Score 0/21 Timer 05:00
0 Plays Today
Country Pair 'Y' or 'N' % Correct
Honduras
Nicaragua
???
79.7%
Costa Rica
Panama
???
79.6%
Costa Rica
Nicaragua
???
78.6%
Honduras
Guatemala
???
78%
Belize
Panama
???
77.7%
Belize
Guatemala
???
77%
Honduras
El Salvador
???
77%
Panama
Guatemala
???
75.3%
El Salvador
Guatemala
???
75.1%
Belize
Costa Rica
???
74.8%
Honduras
Panama
???
73.6%
Country Pair 'Y' or 'N' % Correct
El Salvador
Panama
???
73.1%
Belize
El Salvador
???
68.4%
Belize
Nicaragua
???
67.8%
Costa Rica
Guatemala
???
67.7%
Panama
Nicaragua
???
65.7%
El Salvador
Costa Rica
???
61.3%
Honduras
Costa Rica
???
57.4%
Guatemala
Nicaragua
???
52.8%
Belize
Honduras
???
48.4%
El Salvador
Nicaragua
???
42.8%

You're not logged in!

Compare scores with friends on all Sporcle quizzes.
OR
Log In

Sporcle TV

Today on Sporcle TV


Watch our educational content, quiz creation guides, and fun videos on Sporcle TV.

Show Comments

Extras

Top Quizzes Today


Score Distribution

Your Account Isn't Verified!

In order to create a playlist on Sporcle, you need to verify the email address you used during registration. Go to your Sporcle Settings to finish the process.

Report this User

Report this user for behavior that violates our Community Guidelines.

Details: